Регионална библиотека "Любен Каравелов" - Русе

Перфектен приятел (Запис номер 70370)

MARC детайли
000 -Лидер
Контролно поле с фиксирана дължина 01236nam a2200313 c 4500
003 - Код на организацията, давaща контролен номер
Контролно поле BLK
005 - Дата и час на последна редакция
Контролно поле 20210928152912.0
008 - Елементи от данни с фиксирана дължина
fixed length control field 180408b bul|||||r ||||||| ||bul||
010 ## - Наследен системен номер
LC control number KNG00074728000
020 ## - Международен стандартен номер на книга ISBN
Международен стандартен номер на книга ISBN 954-9621-32-4
-- издат.: АТЛАНТИС-КЛ
040 ## - Източник на каталожния запис
Идентификатор на билиотеката - собственик на записа BLK
041 ## - Код за език
Код за езика на текст/звукозапис или на отделно заглавие Български
Код за езика КДБФ Български
080 ## - УДК
Текстов определител УДК ?Швейцарска литература
УДК код - определител по УДК 830(494)
УДК определител -312.4
УДК - код + определител 830(494)-312.4
100 1# - Редна дума - Автор
Автор Зутер, Мартин
Авторска отговорност първи автор
R(LIN) 70339
139 ## - Редно поле
Редна дума Зутер, Мартин
Авторски знак Зур - З 96
245 10 - Сведения за заглавието
Заглавие Перфектен приятел
Редно поле (дума) Мартин Зутер; прев. от нем. Любомир Илиев.
257 ## - Страна на издаване
Страна на създаване/издаване Швейцария
260 ## - Област на издателските данни
-- София
Име на издателя, разпространителя и проч. АТЛАНТИС-КЛ
Година на издаване 2005
300 ## - Физическа характеристика
Страници 224 с.
Размери/Мащаб 20 см
380 ## - Жанр
Жанр Худож. лит.
490 1# - СЕРИИ (Колекции)
Име на серия Вълшебната планина : Съвременна проза от Германия, Австрия и Швейцария
500 ## - Общи забележки
Забележка Ориг. загл. Ein perfekter Freund / Martin Suter
700 1# - Други автори (авторска отговорност)
Лично име Илиев, Любомир
Автороска отговорност (Описва отношението между автора и произведението) прев. от нем.
9 (RLIN) 368762
852 ## - Местоположение
Форматна сигнатура Цб 233703
856 4# - Електронен адрес и достъп
Електронен формат pdf - файл
Път до файла /url/
856 4# - Електронен адрес и достъп
Електронен формат pdf - файл
Път до файла /url/
942 ## - АРТИКУЛИ
Вид на библиотечния материал Книги
Скрит в OPAC Не
Koha issues (borrowed), all copies 1
944 ## - СЪЗДАВАНЕ И РЕДАКЦИЯ на ЗАПИСА
Създаване/Редакция Създаване
Дата на регистрацията/редакция 07.05.2007
Служител, извършил регистрацията/редакцията Геновева_Генчева
944 ## - СЪЗДАВАНЕ И РЕДАКЦИЯ на ЗАПИСА
Създаване/Редакция Редакция
Дата на регистрацията/редакция 04.06.2016
Служител, извършил регистрацията/редакцията Пенка_Димитрова
999 ## - СИСТЕМНИ КОНТРОЛНИ НОМЕРА
Koha biblionumber 70370
Koha biblioitemnumber 70370
Наличности
Код за отписване Код за изгубен артикул Код за повреда Коз за рестрикции Код за отдаване Артикулен № Име на библиотеката - собственик Име на библиотеката, в която се намира в момента Статус (Текущо местоположение) Дата на вписване в системата Местоположение - отдел Цена в лева Инвентарен номер Систематично азбучна сигнатура Баркод Номер на екземпляра Цена в евро Служебна бележка Служебен тип на артикула Източник на класификационната схема
  Не е изгубен Не е повреден без рестрикции ползва се в читалня 115007 Регионална библиотека "Любен Каравелов" Русе Регионална библиотека "Любен Каравелов" Русе Хранилище 2007-05-07 Хранилище 0.00 120000713224 Цб 233703 120000713224 1 0.00 Дост: Dp Вид: Д N: 47 Дата: 25.10.2006 Книги  
Изтеглен Не е изгубен Не е повреден без рестрикции заемане за дома 115008 Регионална библиотека "Любен Каравелов" Русе Регионална библиотека "Любен Каравелов" Русе Заемна - подръчен фонд 2016-06-04 Заемна - подръчен фонд 5.00 120000800706 П 830-31/З 96 120000800706 2 2.56 Дост: Pk Вид: Ф N: 463 Дата: 03.06.2016 Книги Universal Decimal Classification
  Не е изгубен Не е повреден без рестрикции заемане за дома 727800 Регионална библиотека "Любен Каравелов" Русе Регионална библиотека "Любен Каравелов" Русе Заемна - подръчен фонд 2019-07-03 Заемна - подръчен фонд 6.00   П 830-31/З 96 120000833167   3.07   Книги Universal Decimal Classification
Vip Innovations Ltd, Rousse, Bulgaria 2025